00623 2200229 4500001002100000005001700021008004100038020001800079035002400097041000800121043001200129082001000141090002100151100001800172245005600190260002700246300002900273500002700302650002800329850001200357990002400369YOGYA-0209000005637520090227033917.0 ind  a979-731-169-4 0010-020900000056375 aInd aYOPDYOG a005.1 aDEP 005.1bWah D aWAHID, Fathul aDasar-dasar algoritma dan pemrogramancFathul Wahid aYogyakartabAndic2004 axi, 325 hlmbilusc21 cm aBibliografi : hlm. 325 aAlgoritma (Pemrograman) aYOPDYOG a2004-100 h CB-D. 11